LEADER 01046nam a2200205 i 4500 001 000000258161 003 CaOOAMICUS 005 20180417000000.0 008 180417s1824 it u000 u ita u 013 $a237069 026 $alei. a.t- lo,e di00 (7) 1824 (A) 040 $aSeMil$bita 245 10$aTomo 5. 300 $a584, [4] p., [3] carte di tab. ripieg., I-VIII-XXXVIIbis carte di tav., di cui 38 ripieg. :$bill. 773 0 $aPozzi, Giovanni <1769-1839>$tDizionario di fisica e chimica applicata alle arti secondo le dottrine di Libes, Chaptal, Berthollet e Parkes e giusta le teorie moderne ed i metodi i pił semplici introdottisi nei diversi processi chimici di Giovanni Pozzi ... Con tavole in rame.$dMilano : Presso gli editori Batelli e Fanfani tipografi, calcografi e negozianti di stampe, 1820-1830.$g5$w()5952 850 $aSeMil 852 $aSeMil$W1$xVenegono$y1$m3W III 37 FA$j208507$B208507$CSeMilBibl$Z2$F222163 $8I 941 1 $a10 961 $aRecupero: Mantegazza 996 $6245$aTomo 5$9(OLS)http://semarc/title/76883 LEADER 00635naa a2200145 i 4500 001 000000300561 003 CaOOAMICUS 005 20180831172705.0 008 180831n xx u000 u und u 013 $a8242 040 $aSeMil$bita 100 1 $aDe Maddalena, Aldo.$0(OLS)http://semarc/name/611 245 10$aRelazione di chiusura. 773 0 $tFamiglia e la vita quotidiana in Europa dal '400 al '600. Fonti e problemi.$d[S.l. : s.n.], 1986.$kPubblicazioni degli Archivi di Stato / Ministero per i Beni e le Attivitą Culturali, Ufficio Centrale per i beni archivistici$w()34730 996 $6245$aRelazione di chiusura$9(OLS)http://semarc/title/376567